000 00199nam a2200085Ia 4500
008 170620s9999 xx 000 0 und d
100 _aBare- Act
245 0 _aLimitation Act- 1963
260 _bUniversal Law Pub.
260 _c2014
999 _c29795
_d29795